| 000 | 00819cam a22002653a 4500 | ||
|---|---|---|---|
| 001 | 10470 | ||
| 003 | PGUSA | ||
| 005 | 20140828083225.0 | ||
| 008 | 031201s2003||||xxu|||||s|||||000 | eng d | ||
| 040 |
_aPGUSA _beng |
||
| 042 | _adc | ||
| 050 | 4 | _aM | |
| 100 | 1 | _aMcGuinn, Roger | |
| 245 | 1 | 0 |
_aNine Hundred Miles _h[electronic resource] / _cRoger McGuinn |
| 260 |
_bProject Gutenberg, _c2003 |
||
| 500 | _aRecorded in February 1999. | ||
| 506 | _aCopyrighted. Read the copyright notice inside this book for details. | ||
| 516 | _aElectronic text | ||
| 653 | _aRailroads -- United States -- Songs and music | ||
| 653 | _aFolk music -- United States | ||
| 653 | _aFolk songs, English -- United States | ||
| 830 | 0 |
_aProject Gutenberg _v10470 |
|
| 856 | 4 | 0 | _uhttp://www.gutenberg.org/ebooks/10470 |
| 942 | _cEB | ||
| 999 |
_c239725 _d239725 |
||